الوقت عمار أو دمار / (رقم التسجيلة. 4326)

تفاصيل مارك
000 -الفاتح
عناصر البيانات ثابتة الطول 00725cam a2200181 i 4500
005 - تاريخ ووقت آخر معاملة
حقل ضبط 20251222115613.0
008 - عناصر البيانات ثابتة الطول
عناصر البيانات ثابتة الطول 250721s1992 ku gr 000 0 ara d
082 14 - رقم تصنيف ديوي العشري
رقم التصنيف 218,51
رقم المادة ج ا س
100 1# - مدخل رئيسي – اسم شخصي
الاسم الشخصي المطوع، جاسم بن محمد بن بدر
علاقة الشخص بالعمل/ دوره مؤلف.
245 12 - بيان العنوان
العنوان الوقت عمار أو دمار /
بيان المسؤولية جاسم محمد بدر المطوع.
250 ## - بيان الطبعة
بيان الطبعة الطبعة الثالثة.
264 31 - بيانات النشر، التوزيع…إلخ
مكان النشر، التوزيع...إلخ الكويت :
اسم الناشر، الموزع...إلخ دار الدعوة للنشر والتوزيع،
تاريخ النشر، التوزيع...إلخ 1992.
264 31 - بيانات النشر، التوزيع…إلخ
مكان النشر، التوزيع...إلخ المنصورة :
اسم الناشر، الموزع...إلخ دار الوفاء للطباعة والنشر والتوزيع،
تاريخ النشر، التوزيع...إلخ 1992.
300 ## - الوصف المادي
عدد الوحدات المكونة للوعاء الجزء الثاني.
650 17 - مدخل إضافي بالموضوع - مصطلح موضوعي
مصطلح موضوعي أو اسم جغرافي كعنصر مدخل الوعظ والإرشاد.
942 ## - بيانات إضافية (كوها)
نوع التنصيف Dewey Decimal Classification
نوع المادة (كوها) كتب
المقتنيات
حالة السحب حالة الفقدان مصدر التصنيف حالة التلف غير قابل للإعارة المكتبة الرئيسية المكتبة الحالية موقع الرف تاريخ التزويد الرقم المتسلسل Total Checkouts رقم الإستدعاء الباركود تاريخ آخر ظهور تاريخ الفاتورة نوع المادة (كوها) العملة
    Dewey Decimal Classification     المكتبة المركزية المكتبة المركزية الإعارة 06/07/2004 244358   218,51/جاس 244358 28/07/2025 06/07/2004 كتب  
    Dewey Decimal Classification     المكتبة المركزية المكتبة المركزية   22/12/2025 244359   218,51 ج ا س PLD244359 22/12/2025 22/12/2025 كتب JOD
    Dewey Decimal Classification Unchecked   مكتبة صويلح العامة مكتبة صويلح العامة الإعارة 06/07/2004 12069   218,51/جاس   28/07/2025 06/07/2004 كتب  
    Dewey Decimal Classification Unchecked   مكتبة صويلح العامة مكتبة صويلح العامة الإعارة 06/07/2004 12070   218,51/جاس   28/07/2025 06/07/2004 كتب  
Implemented & Customized by: BBB with SCIT (Smart Chains for Information Technology)

Powered by Koha